000 00406pab a2200157 454500
008 180718b2000 xxu||||| |||| 00| 0 eng d
100 _aVyas, V.S.
245 _aEnsuring food security: the state, market and civil society
260 _c2000
300 _ap.4402-407
362 _a9 Dec
650 _aFood security
650 _aFood supply
773 _aEconomic and Political Weekly
909 _a47030
999 _c47030
_d47030